000
00261 a2200109 4500
001
12887
090
_c
9865
_d
9865
100
_a
Jankiraman,M
245
_a
SpaceTime codes and MIMO Systems
260
_a
LONDON
_b
Artech House
_c
2004
300
_a
xvi, 327 p
_e
CD-Rom Included
942
_a
NUST-CAE
999
_c
247960
_d
247960